Normal view
MARC view
- AUTOMOBILES-HANDLING CHARACTERISTCS AUTOMOBILES-SPRINGS AND SUSPENSION AUTOMOBILES-TYR TIRES
Entry Topical Term
001 - CONTROL NUMBER
- control field: 78175
003 - CONTROL NUMBER IDENTIFIER
- control field: NUST
005 - DATE AND TIME OF LATEST TRANSACTION
- control field: 20210628210120.0
008 - FIXED-LENGTH DATA ELEMENTS
- fixed length control field: 210628|| aca||aabn | a|a d
040 ## - CATALOGING SOURCE
- Original cataloging agency: NUST
- Transcribing agency: NUST
150 ## - HEADING--TOPICAL TERM
- Topical term or geographic name entry element: AUTOMOBILES-HANDLING CHARACTERISTCS AUTOMOBILES-SPRINGS AND SUSPENSION AUTOMOBILES-TYR TIRES
670 ## - SOURCE DATA FOUND
- Source citation: Work cat.: (NUST): Dixon, John.C 78114, Tyres suspension and handling, 1996
